Heuristic methods for solving the travelling salesman problem and its generalizations

Uložené v:
Podrobná bibliografia
Hlavný autor: Cvečková, Gabriela (Autor)
Ďalší autori: Bacigál, Tomáš (Vedúci práce)
Médium: Rukopis Kniha
Jazyk:Slovak
English
Vydavateľské údaje: 2024
Predmet:
On-line prístup:http://is.stuba.sk/zp/portal_zp.pl?podrobnosti=171198
https://opac.crzp.sk/?fn=detailBiblioForm&sid=9A7D98113A4E7D6F02AA71A0EB46
Tagy: Pridať tag
Žiadne tagy, Buďte prvý, kto otaguje tento záznam!

MARC

LEADER 00000ntm a22000003a 4500
001 stuzp91916
003 SK-STU
005 20240916141023.5
007 ta
008 150427s2015----xo-----f-mn---000-0-slo-d
040 |a STU  |b slo 
041 0 |a eng 
100 1 |a Cvečková, Gabriela  |u 010220  |4 aut  |U SvF Stavebná fakulta  |T SvF Katedra matematiky a deskriptívnej geometrie  |X 98394  |U V220  |Y 23  |7 98394 
242 0 1 |a Heuristické metódy na riešenie problému obchodného cestujúceho a jeho zovšeobecnení  |y slo 
245 1 0 |a Heuristic methods for solving the travelling salesman problem and its generalizations 
260 |c 2024 
650 4 |a zhluková analýza  |2 slo 
650 4 |a R language  |2 slo 
650 4 |a problém obchodného cestujúceho  |2 slo 
650 4 |a problém smerovania dopravy  |2 slo 
650 4 |a travelling salesman problem  |2 eng 
650 4 |a vehicle routing problem machine  |2 eng 
650 4 |a clustering  |2 eng 
650 4 |a R language  |2 eng 
700 1 |a Bacigál, Tomáš  |u 010220  |k Z1  |4 ths  |U SvF Stavebná fakulta  |T SvF Katedra matematiky a deskriptívnej geometrie  |X 38288  |U V220  |Y 23  |7 A000038288 
856 4 |u http://is.stuba.sk/zp/portal_zp.pl?podrobnosti=171198 
856 4 |u https://opac.crzp.sk/?fn=detailBiblioForm&sid=9A7D98113A4E7D6F02AA71A0EB46